000 00941nam a22001937a 4500
999 _c57939
_d57939
005 20210402170954.0
008 210402s2012 enk||||| |||| 00| 0 eng d
020 _a9781480190863
041 _aeng
080 _a376.2+364 L-75
100 _aLinton, S. B.
_911041
245 _aHow to Set Up a Classroom For Students with Autism :
_bA Manual for Teachers, Para-professionals and Administrators /
250 _aSecond Edition
264 _aLexington,
_c2012.
300 _a153 p.
_b28 cm.
653 _aროგორ შევქმნათ საკლასო ოთახი აუტიზმის მქონე სტუდენტებისთვის
653 _aსახელმძღვანელო მასწავლებლებისთვის, პარა-პროფესიონალებისა და ადმინისტრატორებისთვის
942 _2udc
_cBK